'And' Novels Quiz Stats

 Plays Quiz Updated Sep 26, 2019

Score 0/25 Timer 02:30
13 Plays Today
Question Answer Wrong Answers
Pride and Prejudice
95.1%
Prejudice and Pride
0.7%
War and Peace
94.6%
Peace and War
1%
Charlie and the Chocolate Factory
94.4%
The Chocolate Factory and Charlie
0.2%
Chocolate Charlie and the Factory
1.1%
To Have and Have Not
93.7%
To Have Not and Have
2.1%
Harry Potter and the Sorcerer's Stone
93.2%
The Sorcerer's Stone and Harry Potter
0.4%
Harry Stone and the Sorcerer's Potter
1.7%
Harry Sorcerer and the Potter's Stone
0.6%
Angels & Demons
92%
Demons & Angels
3.8%
The Sound and the Fury
91.3%
The Fury and the Sound
4.4%
Strange Case of Dr Jekyll and Mr Hyde
90.6%
Strange Case of Dr Hyde and Mr Jekyll
2.5%
Strange Hyde of Dr Jekyll and Mr Case
1%
Strange Case of Mr Hyde and Dr Jekyll
1.5%
The Old Man and the Sea
90.1%
The Old Sea and the Man
5%
The Sea and the Old Man
0.7%
The Lion, the Witch and the Wardrobe
90.1%
The Wardrobe, the Witch and the Lion
0.9%
The Witch, the Lion and the Wardrobe
2.7%
The Lion, the Wardrobe and the Witch
1.8%
The Once and Future King
89.7%
The Future King and Once
3%
Once King and the Future
3.1%
Kane and Abel
89.5%
Abel and Kane
6%
Sons and Lovers
87.5%
Lovers and Sons
8.3%
The Power and the Glory
87.1%
The Glory and the Power
8.7%
The Naked and the Dead
85.7%
The Dead and the Naked
10%
Think and Grow Rich
82.5%
Grow Rich and Think
13.2%
The Book of Laughter and Forgetting
82.1%
The Book of Forgetting and Laughter
13.4%
Oscar and Lucinda
80.8%
Lucinda and Oscar
14.9%
A Day Late and a Dollar Short
80%
A Dollar Short and a Day Late
15.6%
Wizard and Glass
73.1%
Glass and Wizard
22.4%
Jonathan Strange & Mr Norrell
64.3%
Mr Norrell & Jonathan Strange
31.2%
The Rose and the Yew Tree
64.2%
The Yew Tree and the Rose
31.2%
The Bear and the Nightingale
59.6%
The Nightingale and the Bear
36.1%
Haroun and the Sea of Stories
47.8%
The Sea of Stories and Haroun
5.7%
The Stories of Haroun and Sea
41.8%
The Bear and the Dragon
46%
The Dragon and the Bear
49.5%

You're not logged in!

Compare scores with friends on all Sporcle quizzes.
OR
Log In

Sporcle TV

Today on Sporcle TV


Watch our educational content, quiz creation guides, and fun videos on Sporcle TV.

Show Comments

Extras

Top Quizzes Today


Score Distribution

Your Account Isn't Verified!

In order to create a playlist on Sporcle, you need to verify the email address you used during registration. Go to your Sporcle Settings to finish the process.

Report this User

Report this user for behavior that violates our Community Guidelines.

Details: